000 00443nam a2200181Ia 4500
003 GCL
008 140319s9999 xx 000 0 eng d
040 _aGCL /
_cGCL
082 0 4 _a704.948
_bB I
100 1 _aBABIC, GORDANA
245 1 0 _aICONS /
_cBABIC, GORDANA
260 _a[S.N] :
_bBRACKEN, BOOKS ،
_c1988
300 _a64 P
650 0 4 _aRELIGIOUS SYMBOLISM
650 0 4 _aSYMBOLISM - ART
650 0 4 _aMYTHOLOGY
942 _2ddc
_cBK
999 _c21111
_d21111